000 01034nas a2200289 4500
001 BR7800407
003 BR-BrBNA
005 20231205083303.0
007 ta
008 230509b bl.|||p| |||| 00| 00por d
040 _aBR-BrBNA
_bpor
_cBiblioteca Nacional de Agricultura
041 _a(Pt)
072 _aU20
100 1 _aBorralho, M.F.
100 1 _aCavalheiro, A.C.L. (comps.)
245 1 _aResumos dos trabalhos publicados nos anuarios tecnicos do Instituto de Pesquisas Zootecnicas Francisco Osorio [avicultura, bovinocultura, forragicultura, suinocultura, ovinocultura, Rio Grande do Sul, Brasil]
650 _aDOCUMENTACAO
650 _aAVICULTURA
650 _aBOVINOCULTURA
650 _aFORRAGICULTURA
650 _aSUÍNOCULTURA
650 _aOVINOCULTURA
650 _aRIO GRANDE DO SUL
773 0 _tAnuario Tecnico do Instituto de Pesquisas Zootecnicas Francisco Osorio (Brazil)
_xISSN 0100-2546
_g(Jul 1977), v. 4 p. 7-41
_wBR7800407
909 _a202311
_bLúcia
_c55
_dLúcia Elande
942 _2AGRIS
_n0
_cANA
999 _c97735
_d97735